[Event "Hamburg HSK Easter op"]
[Site "Hamburg"]
[Date "2024.04.01"]
[Round "7"]
[White "Popvasilev, Kalojan"]
[Black "Guenther, Patrick"]
[Result "1-0"]
[WhiteElo "2242"]
[BlackElo "2023"]
[PlyCount "49"]
[EventDate "2024.03.29"]
[EventType "swiss"]
[EventRounds "7"]
[EventCountry "GER"]
[SourceTitle "CB18_2024"]
[SourceDate "2024.05.01"]
[SourceVersion "1"]
[SourceVersionDate "2024.05.01"]
[SourceQuality "2"]

1. e4 c5 2. Nc3 d6 3. d4 cxd4 4. Qxd4 Nc6 5. Qd2 e6 6. b3 Nf6 7. Bb2 d5 8. exd5 exd5 9. 0-0-0 Be6 10. Nf3 Qa5 11. Nb5 Qxa2 12. Qf4 Rc8 13. Bd3 Qa5 14. Rhe1 Be7 15. Nd6+ Kd7 16. Nxc8 Rxc8 17. Ne5+ Ke8 18. Nxc6 bxc6 19. Bf5 Ne4 20. Bxe4 dxe4 21. Qxe4 g6 22. Qd4 Qg5+ 23. f4 Qxg2 24. Rxe6 fxe6 25. Qd7+ 1-0

[Event "Hamburg HSK Easter op"]
[Site "Hamburg"]
[Date "2024.03.30"]
[Round "3"]
[White "Keyser, Robin"]
[Black "Guenther, Patrick"]
[Result "1-0"]
[WhiteElo "2153"]
[BlackElo "2023"]
[PlyCount "131"]
[EventDate "2024.03.29"]
[EventType "swiss"]
[EventRounds "7"]
[EventCountry "GER"]
[SourceTitle "CB18_2024"]
[SourceDate "2024.05.01"]
[SourceVersion "1"]
[SourceVersionDate "2024.05.01"]
[SourceQuality "2"]

1. c4 c5 2. Nf3 Nf6 3. g3 g6 4. Bg2 Bg7 5. d4 cxd4 6. Nxd4 0-0 7. Nc3 Nc6 8. Nc2 d6 9. 0-0 Qa5 10. Bd2 Qh5 11. e4 Qxd1 12. Raxd1 Be6 13. b3 a6 14. Nd5 Rab8 15. Bg5 Bxd5 16. exd5 Ne5 17. Nd4 Rfc8 18. Rfe1 Kf8 19. h3 Rc7 20. Be3 Rbc8 21. Re2 Ned7 22. f4 Nc5 23. Bf2 Re8 24. Bf3 Rcc8 25. Kg2 a5 26. Be1 b6 27. g4 Nfd7 28. Nb5 h6 29. h4 g5 30. fxg5 hxg5 31. hxg5 Ne5 32. Be4 Nxg4 33. Bf5 Ne5 34. Bxc8 Rxc8 35. Bg3 Ng6 36. Nd4 Be5 37. Nf3 Bxg3 38. Kxg3 Rc7 39. Nd4 Nd7 40. Rf1 Kg8 41. Nf5 Nde5 42. Nh6+ Kg7 43. Ng4 a4 44. Nxe5 Nxe5 45. Kf4 axb3 46. axb3 b5 47. cxb5 Rb7 48. Rb1 Rxb5 49. b4 f6 50. gxf6+ Kxf6 51. Rxe5 dxe5+ 52. Ke4 e6 53. d6 Rd5 54. Rf1+ Kg7 55. d7 Rxd7 56. Kxe5 Rb7 57. Rb1 Kf7 58. Kd6 Kf6 59. Kc6 Rb8 60. b5 e5 61. Kc7 Rh8 62. b6 e4 63. Rb5 e3 64. b7 e2 65. Rb1 Ke5 66. Re1 1-0

[Event "Hamburg Easter op"]
[Site "Hamburg"]
[Date "2023.04.09"]
[Round "5"]
[White "Guenther, Patrick"]
[Black "Popvasilev, Kalojan"]
[Result "1/2-1/2"]
[WhiteElo "2055"]
[BlackElo "2223"]
[PlyCount "49"]
[EventDate "2023.04.07"]
[EventType "swiss"]
[EventRounds "7"]
[EventCountry "GER"]
[SourceTitle "EXT 2024"]
[Source "ChessBase"]
[SourceDate "2023.10.10"]
[SourceVersion "1"]
[SourceVersionDate "2023.10.10"]
[SourceQuality "1"]

1. d4 Nf6 2. c4 e6 3. g3 d5 4. Bg2 Bb4+ 5. Bd2 a5 6. Qc2 0-0 7. Nf3 c5 8. cxd5 cxd4 9. Nxd4 exd5 10. 0-0 Qb6 11. e3 Nc6 12. Nxc6 bxc6 13. Nc3 Be6 14. Rfd1 Rfc8 15. Rac1 Nd7 16. h3 Bd6 17. Na4 Qc7 18. Bc3 f5 19. Qd2 Qb7 20. b3 Nb6 21. Nxb6 Qxb6 22. Bd4 Qb4 23. Bc3 Qb6 24. Bd4 Qb4 25. Bc3 1/2-1/2

[Event "Dortmund Sparkassen op 47th"]
[Site "Dortmund"]
[Date "2019.07.21"]
[Round "9"]
[White "Bock, Juergen"]
[Black "Guenther, Patrick"]
[Result "1/2-1/2"]
[WhiteElo "2268"]
[BlackElo "2055"]
[PlyCount "44"]
[EventDate "2019.07.13"]
[EventType "swiss"]
[EventRounds "9"]
[EventCountry "GER"]
[SourceTitle "EXT 2020"]
[Source "ChessBase"]
[SourceDate "2019.10.17"]
[SourceVersion "1"]
[SourceVersionDate "2019.10.17"]
[SourceQuality "1"]

1. c4 Nf6 2. g3 c6 3. Bg2 d5 4. Nf3 g6 5. b3 Bg7 6. Bb2 0-0 7. 0-0 a5 8. Na3 Na6 9. d3 Nb4 10. Nc2 Nxc2 11. Qxc2 Bg4 12. Rfe1 Bxf3 13. Bxf3 d4 14. e3 e5 15. exd4 exd4 16. Qd2 Qd6 17. a3 Nd7 18. b4 axb4 19. axb4 h5 20. Rxa8 Rxa8 21. Ra1 Rxa1+ 22. Bxa1 b6 1/2-1/2

[Event "Dortmund Sparkassen op 47th"]
[Site "Dortmund"]
[Date "2019.07.18"]
[Round "6"]
[White "Quast, Marcel"]
[Black "Guenther, Patrick"]
[Result "1/2-1/2"]
[WhiteElo "2248"]
[BlackElo "2055"]
[PlyCount "56"]
[EventDate "2019.07.13"]
[EventType "swiss"]
[EventRounds "9"]
[EventCountry "GER"]
[SourceTitle "EXT 2020"]
[Source "ChessBase"]
[SourceDate "2019.10.17"]
[SourceVersion "1"]
[SourceVersionDate "2019.10.17"]
[SourceQuality "1"]

1. e4 c5 2. c3 Nf6 3. e5 Nd5 4. d4 cxd4 5. Nf3 Nc6 6. Bc4 Nb6 7. Bb3 d6 8. exd6 Qxd6 9. 0-0 Be6 10. Na3 dxc3 11. Bxe6 Qxd1 12. Rxd1 fxe6 13. bxc3 g6 14. Ng5 e5 15. Nb5 Rc8 16. Ne6 Kf7 17. Ng5+ Ke8 18. Be3 Na4 19. Bxa7 Nxc3 20. Nxc3 Nxa7 21. Nd5 Bh6 22. h4 Bxg5 23. hxg5 Kf7 24. Re1 Rhd8 25. Ne3 Rc5 26. Rab1 Rd7 27. Ng4 Nc6 28. Rb3 e4 1/2-1/2

[Event "Stuttgart-chA int"]
[Site "Ditzingen"]
[Date "2018.05.12"]
[Round "6"]
[White "Kuberczyk, Christoph"]
[Black "Guenther, Patrick"]
[Result "1/2-1/2"]
[WhiteElo "2244"]
[BlackElo "2072"]
[PlyCount "122"]
[EventDate "2018.05.10"]
[EventType "swiss"]
[EventRounds "7"]
[EventCountry "GER"]
[SourceTitle "EXT 2020"]
[Source "ChessBase"]
[SourceDate "2019.10.17"]
[SourceVersion "1"]
[SourceVersionDate "2019.10.17"]
[SourceQuality "1"]

1. d4 Nf6 2. Nf3 d5 3. c4 e6 4. g3 Be7 5. Bg2 0-0 6. 0-0 dxc4 7. Ne5 Nc6 8. Bxc6 bxc6 9. Nxc6 Qe8 10. Nxe7+ Qxe7 11. Qa4 c5 12. Qxc4 cxd4 13. Qxd4 e5 14. Qh4 Qe6 15. Nc3 Bb7 16. Bg5 Nd7 17. Rad1 a5 18. Be7 Rfe8 19. Ba3 Qa6 20. e4 Nf6 21. f3 Rad8 22. Qg5 Qb6+ 23. Kg2 h6 24. Qc1 Rd4 25. Qe3 Ba6 26. Rf2 Red8 27. Be7 R8d7 28. Bxf6 Qxf6 29. Rfd2 Bc4 30. Ne2 Rxd2 31. Rxd2 Rxd2 32. Qxd2 Qa6 33. Nc3 Bf1+ 34. Kf2 Bh3 35. g4 Bf1 36. Ne2 Bxe2 37. Qxe2 Qb6+ 38. Kg2 a4 39. Qc2 Qd4 40. Qc3 Qd1 41. Kf2 f6 42. h4 Kh7 43. h5 Qb1 44. a3 Qd1 45. Ke3 Kh8 46. Qd2 Qg1+ 47. Kd3 Qd4+ 48. Kc2 Qc4+ 49. Qc3 Qe2+ 50. Kb1 Kh7 51. Ka2 Kh8 52. Qc6 Qd1 53. Qc4 Kh7 54. Qc3 Qe2 55. Qc8 Qd1 56. Qe6 Qc2 57. Qd7 Kh8 58. Qe8+ Kh7 59. Qg6+ Kh8 60. Qf7 Kh7 61. Qd5 Kh8 1/2-1/2

[Event "Hamburg CC Easter op 4th"]
[Site "Hamburg"]
[Date "2018.03.30"]
[Round "1"]
[White "Guenther, Patrick"]
[Black "Klawitter, Rolf"]
[Result "1-0"]
[WhiteElo "2072"]
[BlackElo "1473"]
[PlyCount "49"]
[EventDate "2018.03.30"]
[EventType "swiss"]
[EventRounds "7"]
[EventCountry "GER"]
[SourceTitle "CBM 183 Extra"]
[Source "ChessBase"]
[SourceDate "2018.04.19"]
[SourceVersion "1"]
[SourceVersionDate "2018.04.19"]
[SourceQuality "1"]

1. Nf3 Nf6 2. c4 c6 3. d4 d5 4. e3 e6 5. b3 Be7 6. Bd3 h6 7. 0-0 Nbd7 8. Nbd2 c5 9. Bb2 b6 10. cxd5 exd5 11. Ne5 Bb7 12. f4 0-0 13. Qf3 a5 14. Rfd1 Qc7 15. Qh3 Bc8 16. Qg3 Nh5 17. Qf3 Nhf6 18. Rac1 Qb7 19. Bb1 Nxe5 20. dxe5 Bg4 21. Qg3 Qc6 22. exf6 Bxf6 23. Bxf6 Qxf6 24. Qxg4 Rae8 25. Nf1 1-0

[Event "Hamburg HSK Christmas op 3rd"]
[Site "Hamburg"]
[Date "2017.12.29"]
[Round "6"]
[White "Guenther, Patrick"]
[Black "Jordan, Juergen"]
[Result "1/2-1/2"]
[WhiteElo "2052"]
[BlackElo "2111"]
[PlyCount "34"]
[EventDate "2017.12.27"]
[EventType "swiss"]
[EventRounds "7"]
[EventCountry "GER"]
[SourceTitle "CBM 182 Extra"]
[Source "ChessBase"]
[SourceDate "2018.02.23"]
[SourceVersion "1"]
[SourceVersionDate "2018.02.23"]
[SourceQuality "1"]

1. e4 c5 2. Nf3 Nc6 3. Bb5 g6 4. Bxc6 dxc6 5. d3 Bg7 6. h3 e5 7. 0-0 Qe7 8. a4 a5 9. Nbd2 b6 10. Nc4 Rb8 11. Qe2 Ba6 12. Be3 Bxc4 13. dxc4 Nf6 14. Bg5 0-0 15. Rad1 Rfd8 16. Rxd8+ Rxd8 17. Rd1 h6 1/2-1/2

[Event "Hamburg CC Easter op 3rd"]
[Site "Hamburg"]
[Date "2017.04.14"]
[Round "1"]
[White "Guenther, Patrick"]
[Black "Grotrian, Peter"]
[Result "1-0"]
[WhiteElo "2051"]
[BlackElo "1536"]
[PlyCount "55"]
[EventDate "2017.04.14"]
[EventType "swiss"]
[EventRounds "7"]
[EventCountry "GER"]
[SourceTitle "EXT 2020"]
[Source "ChessBase"]
[SourceDate "2019.10.17"]
[SourceVersion "1"]
[SourceVersionDate "2019.10.17"]
[SourceQuality "1"]

1. e4 e6 2. d4 d5 3. Nc3 Bb4 4. e5 Ne7 5. a3 Bxc3+ 6. bxc3 c5 7. Qg4 0-0 8. Bd3 Nbc6 9. Qh5 Ng6 10. Nf3 f6 11. Bxg6 hxg6 12. Qxg6 cxd4 13. cxd4 Bd7 14. 0-0 Rc8 15. exf6 Qxf6 16. Qxf6 gxf6 17. Bd2 e5 18. dxe5 fxe5 19. c3 Rce8 20. Rfe1 Rxf3 21. gxf3 Bh3 22. Kh1 Rf8 23. Rg1+ Kh7 24. Rab1 b6 25. Rg3 Bc8 26. Rbg1 d4 27. Rg6 dxc3 28. Rh6# 1-0

[Event "Pyramiden Franken Cup"]
[Site "Fuerth"]
[Date "2016.09.03"]
[Round "4"]
[White "Guenther, Patrick"]
[Black "Cofman, Veaceslav"]
[Result "0-1"]
[WhiteElo "2013"]
[BlackElo "2145"]
[PlyCount "46"]
[EventDate "2016.09.01"]
[EventType "swiss"]
[EventRounds "7"]
[EventCountry "GER"]
[SourceTitle "CBM 174 Extra"]
[Source "ChessBase"]
[SourceDate "2016.10.10"]
[SourceVersion "1"]
[SourceVersionDate "2016.10.10"]
[SourceQuality "1"]

1. Nf3 e6 2. c4 d5 3. g3 Nf6 4. Bg2 c6 5. d4 Bd6 6. 0-0 Nbd7 7. Qc2 b6 8. Nbd2 Bb7 9. e4 dxe4 10. Nxe4 Nxe4 11. Qxe4 Nf6 12. Qc2 0-0 13. b3 c5 14. Bb2 cxd4 15. Bxd4 Qe7 16. Ne5 Bxg2 17. Kxg2 Qb7+ 18. Kg1 Rfd8 19. Rad1 h6 20. Qe2 Qe4 21. Qxe4 Nxe4 22. f3 Bxe5 23. Bxe5 Nd2 0-1

[Event "Steyr-ch U12"]
[Site "Soechau"]
[Date "2007.04.22"]
[Round "9"]
[White "Huber, Martin Christian"]
[Black "Guenther, Patrick"]
[Result "1/2-1/2"]
[WhiteElo "1502"]
[BlackElo "1406"]
[PlyCount "26"]
[EventDate "2007.04.14"]
[EventType "swiss"]
[EventRounds "9"]
[EventCountry "AUT"]
[SourceTitle "EXT 2010"]
[Source "ChessBase"]
[SourceDate "2010.11.25"]
[SourceVersion "1"]
[SourceVersionDate "2010.11.25"]
[SourceQuality "1"]

1. e4 e6 2. d4 d5 3. exd5 exd5 4. Nf3 Bd6 5. Nc3 Nf6 6. Bg5 Bg4 7. Nxd5 Nbd7 8. Be2 c6 9. Nxf6+ Nxf6 10. h3 Be6 11. 0-0 0-0 12. c3 h6 13. Be3 Qd7 1/2-1/2

[Event "Schleswig Holstein-ch U18 MT"]
[Site "Neumuenster"]
[Date "2005.03.22"]
[Round "6"]
[White "Guenther, Patrick"]
[Black "Simon, Christopher"]
[Result "1/2-1/2"]
[WhiteElo "1745"]
[BlackElo "1934"]
[PlyCount "43"]
[EventDate "2005.03.19"]
[EventType "tourn"]
[EventRounds "9"]
[EventCountry "GER"]
[SourceTitle "EXT 2007"]
[Source "ChessBase"]
[SourceDate "2006.11.23"]
[SourceVersion "1"]
[SourceVersionDate "2006.11.23"]
[SourceQuality "1"]

1. d4 d5 2. c4 e6 3. cxd5 exd5 4. Nc3 Nf6 5. Bg5 c6 6. e3 Bf5 7. Nge2 Be7 8. Ng3 Bg6 9. Bd3 Ne4 10. Bf4 Nxg3 11. Bxg3 Nd7 12. 0-0 Nf6 13. f3 0-0 14. Qc2 Qb6 15. Bxg6 hxg6 16. Rae1 Rac8 17. Qd2 Rfd8 18. Rc1 a5 19. a3 Qa7 20. Bf2 b5 21. Na2 Bd6 22. Bg3 1/2-1/2

[Event "Travemuende op 21th"]
[Site "Travemuende"]
[Date "2004.12.27"]
[Round "1"]
[White "Guenther, Patrick"]
[Black "Mainka, Romuald"]
[Result "0-1"]
[WhiteElo "1809"]
[BlackElo "2461"]
[PlyCount "92"]
[EventDate "2004.12.27"]
[EventType "swiss"]
[EventRounds "7"]
[EventCountry "GER"]
[SourceTitle "EXT 2006"]
[Source "ChessBase"]
[SourceDate "2005.11.24"]
[SourceVersion "1"]
[SourceVersionDate "2005.11.24"]
[SourceQuality "1"]

1. e4 c5 2. Nf3 e6 3. d4 cxd4 4. Nxd4 a6 5. Bd3 Nf6 6. 0-0 Qc7 7. Qe2 d6 8. Nc3 Be7 9. Kh1 Bd7 10. f4 Nc6 11. Nf3 0-0 12. e5 Nd5 13. Nxd5 exd5 14. b3 Bg4 15. Bb2 dxe5 16. fxe5 Nb4 17. h3 Nxd3 18. cxd3 Bh5 19. Qf2 Bg6 20. Rfd1 Rac8 21. Qe2 Rfe8 22. Rac1 Qd7 23. Rxc8 Rxc8 24. Rc1 Rxc1+ 25. Bxc1 Qb5 26. Ne1 h6 27. Bf4 Kh7 28. Kh2 Qb4 29. Qd2 Qd4 30. Qe3 Qc3 31. Qd2 Bb4 32. Qxc3 Bxc3 33. Bg3 Bh5 34. Nf3 Bxf3 35. gxf3 g5 36. Kg2 Kg6 37. f4 Kf5 38. Kf3 Bb2 39. Bf2 gxf4 40. d4 Bc3 41. Bg1 Be1 42. Bh2 Bg3 43. Bg1 b5 44. a3 h5 45. a4 bxa4 46. bxa4 a5 0-1

[Event "Schleswig Holstein-ch U18 MT"]
[Site "Neumuenster"]
[Date "2004.03.26"]
[Round "9"]
[White "Schmidt, Andreas1111"]
[Black "Guenther, Patrick"]
[Result "1-0"]
[WhiteElo "1741"]
[BlackElo "1716"]
[PlyCount "76"]
[EventDate "2004.03.20"]
[EventType "tourn"]
[EventRounds "9"]
[EventCountry "GER"]
[SourceTitle "EXT 2006"]
[Source "ChessBase"]
[SourceDate "2005.11.24"]
[SourceVersion "1"]
[SourceVersionDate "2005.11.24"]
[SourceQuality "1"]

1. e4 c5 2. Nf3 e6 3. c3 d5 4. exd5 Qxd5 5. d4 Nf6 6. Na3 a6 7. Nc4 Qd8 8. Bd3 Nc6 9. Nce5 Nxe5 10. dxe5 Nd5 11. 0-0 Be7 12. Qe2 Bd7 13. Rd1 Qc7 14. c4 Nb6 15. Bg5 Nc8 16. Rab1 h6 17. Bd2 Na7 18. Bc3 Bc6 19. Nd2 b6 20. Qg4 0-0-0 21. Qe2 Qb7 22. f3 Rd7 23. a3 Rhd8 24. Bc2 Bg5 25. b4 Be7 26. b5 axb5 27. cxb5 Bd5 28. a4 Qc7 29. a5 c4 30. Kh1 Qc5 31. Bb4 Qc7 32. Bxe7 Rxe7 33. axb6 Qxb6 34. Nxc4 Bxc4 35. Qxc4+ Rc7 36. Rxd8+ Kxd8 37. Rd1+ Rd7 38. Ba4 Nc8 1-0

[Event "Schleswig Holstein-ch U18 MT"]
[Site "Neumuenster"]
[Date "2004.03.23"]
[Round "6"]
[White "Simon, Christopher"]
[Black "Guenther, Patrick"]
[Result "1/2-1/2"]
[WhiteElo "1770"]
[BlackElo "1675"]
[PlyCount "68"]
[EventDate "2004.03.20"]
[EventType "tourn"]
[EventRounds "9"]
[EventCountry "GER"]
[SourceTitle "EXT 2006"]
[Source "ChessBase"]
[SourceDate "2005.11.24"]
[SourceVersion "1"]
[SourceVersionDate "2005.11.24"]
[SourceQuality "1"]

1. e4 c5 2. Nf3 d6 3. d4 cxd4 4. Nxd4 Nf6 5. Nc3 a6 6. Be2 e6 7. 0-0 Be7 8. Be3 Qc7 9. f4 b5 10. a3 Bb7 11. Bf3 Nbd7 12. Qe2 0-0 13. f5 e5 14. Nb3 Nb6 15. Bxb6 Qxb6+ 16. Kh1 Rac8 17. g4 Nd7 18. Rg1 Qd8 19. Rad1 Nc5 20. Nd2 Nd7 21. Nf1 Nb6 22. Ne3 Rc5 23. Qd3 h6 24. b4 Rc7 25. Rg2 Qc8 26. Nb1 Nc4 27. Nxc4 Rxc4 28. c3 Rd8 29. Re2 Rc7 30. Qc2 Bg5 31. Rd3 Rcd7 32. Qd1 Qa8 33. Nd2 d5 34. exd5 Bxd5 1/2-1/2

[Event "Schleswig Holstein-ch U16 q"]
[Site "Neumuenster"]
[Date "2002.04.12"]
[Round "9"]
[White "Guenther, Patrick"]
[Black "Simon, Christopher"]
[Result "1/2-1/2"]
[WhiteElo "1222"]
[BlackElo "1446"]
[PlyCount "48"]
[EventDate "2002.04.??"]
[EventType "swiss"]
[EventRounds "9"]
[EventCountry "GER"]
[SourceTitle "EXT 2003"]
[Source "ChessBase"]
[SourceDate "2002.11.25"]
[SourceVersion "1"]
[SourceVersionDate "2002.11.25"]
[SourceQuality "1"]

1. d4 d5 2. c4 e6 3. Nc3 Nf6 4. Bg5 Be7 5. e3 Nc6 6. Nf3 0-0 7. Be2 Bd7 8. Bxf6 Bxf6 9. cxd5 exd5 10. Nxd5 Bg4 11. Nc3 Re8 12. 0-0 a6 13. h3 Bh5 14. Nd2 Bxe2 15. Qxe2 Nxd4 16. Qd1 Nc6 17. Nde4 Bxc3 18. Nxc3 Qg5 19. Qd5 Qg6 20. Rac1 Rad8 21. Qb3 b6 22. Rfd1 h6 23. Ne2 Rxd1+ 24. Rxd1 Qf6 1/2-1/2

[Event "Schleswig Holstein-ch U16 q"]
[Site "Neumuenster"]
[Date "2002.04.10"]
[Round "8"]
[White "Guenther, Patrick"]
[Black "Muensterberg, Moritz"]
[Result "1-0"]
[WhiteElo "1222"]
[BlackElo "1118"]
[PlyCount "47"]
[EventDate "2002.04.??"]
[EventType "swiss"]
[EventRounds "9"]
[EventCountry "GER"]
[SourceTitle "EXT 2003"]
[Source "ChessBase"]
[SourceDate "2002.11.25"]
[SourceVersion "1"]
[SourceVersionDate "2002.11.25"]
[SourceQuality "1"]

1. e4 c6 2. d4 d5 3. exd5 cxd5 4. c4 Nf6 5. Nc3 e6 6. Nf3 Be7 7. h3 b6 8. cxd5 exd5 9. Be2 Bf5 10. 0-0 0-0 11. Be3 Nc6 12. Rc1 Qd7 13. Bb5 a6 14. Ne5 Qe6 15. Bxc6 Rac8 16. Ba4 Bd6 17. Nd3 Bxh3 18. Nf4 Bxf4 19. Bxf4 Bg4 20. Qd2 Ne4 21. Nxe4 Qxe4 22. Qe3 Qxg2+ 23. Kxg2 Rxc1 24. Rxc1 1-0

[Event "Schleswig Holstein-ch U16 q"]
[Site "Neumuenster"]
[Date "2002.04.10"]
[Round "6"]
[White "Guenther, Patrick"]
[Black "Peters, Ferdinand"]
[Result "1-0"]
[WhiteElo "1222"]
[BlackElo "536"]
[PlyCount "65"]
[EventDate "2002.04.??"]
[EventType "swiss"]
[EventRounds "9"]
[EventCountry "GER"]
[SourceTitle "EXT 2003"]
[Source "ChessBase"]
[SourceDate "2002.11.25"]
[SourceVersion "1"]
[SourceVersionDate "2002.11.25"]
[SourceQuality "1"]

1. e4 e5 2. f4 d6 3. Nf3 Nd7 4. Bc4 c6 5. d3 Be7 6. 0-0 h6 7. fxe5 dxe5 8. Nc3 Ngf6 9. Kh1 0-0 10. Qe2 b5 11. Bb3 Bb7 12. Be3 Qc7 13. Qd2 Ng4 14. Rae1 Nxe3 15. Qxe3 Bc5 16. Qe2 g6 17. Nh4 Kg7 18. Nf3 a5 19. a4 b4 20. Nd1 Rad8 21. Nd2 Nf6 22. Rf3 Qe7 23. Ref1 Ba6 24. Rxf6 Qxf6 25. Rxf6 Kxf6 26. Bc4 Bxc4 27. Nxc4 Rde8 28. Qf3+ Kg7 29. Nce3 Rd8 30. Ng4 f6 31. Ndf2 Rf7 32. h3 Bxf2 33. Qxf2 1-0

[Event "Schleswig Holstein-ch U16 q"]
[Site "Neumuenster"]
[Date "2002.04.09"]
[Round "5"]
[White "Dorn, Gerrit"]
[Black "Guenther, Patrick"]
[Result "1/2-1/2"]
[WhiteElo "1200"]
[BlackElo "1222"]
[PlyCount "80"]
[EventDate "2002.04.??"]
[EventType "swiss"]
[EventRounds "9"]
[EventCountry "GER"]
[SourceTitle "EXT 2003"]
[Source "ChessBase"]
[SourceDate "2002.11.25"]
[SourceVersion "1"]
[SourceVersionDate "2002.11.25"]
[SourceQuality "1"]

1. e4 c5 2. Nf3 d6 3. Bc4 e6 4. d3 Nc6 5. 0-0 a6 6. Be3 g6 7. c3 Bg7 8. d4 cxd4 9. Nxd4 Nge7 10. Nb3 Qc7 11. f4 b5 12. Be2 Bb7 13. Bf3 0-0 14. Qd2 Rfd8 15. Qe2 Rac8 16. Rc1 Qb8 17. N1d2 Rd7 18. Nf1 d5 19. e5 Nf5 20. Bf2 Rdc7 21. Rc2 Nce7 22. Rac1 Ba8 23. Qd2 Nc6 24. Qd3 Bh6 25. g3 Qb7 26. Nc5 Qb8 27. Nxa6 Qb7 28. Nxc7 Rxc7 29. b3 Nxe5 30. fxe5 Bxc1 31. Rxc1 Kg7 32. c4 bxc4 33. bxc4 Qc8 34. Nd2 dxc4 35. Nxc4 Bxf3 36. Qxf3 Rxc4 37. Rxc4 Qxc4 38. g4 Nh6 39. Qf6+ Kg8 40. Qd8+ Kg7 1/2-1/2

[Event "Schleswig Holstein-ch U16 q"]
[Site "Neumuenster"]
[Date "2002.04.07"]
[Round "3"]
[White "Groot, Patrick"]
[Black "Guenther, Patrick"]
[Result "1-0"]
[WhiteElo "1175"]
[BlackElo "1222"]
[PlyCount "63"]
[EventDate "2002.04.??"]
[EventType "swiss"]
[EventRounds "9"]
[EventCountry "GER"]
[SourceTitle "EXT 2003"]
[Source "ChessBase"]
[SourceDate "2002.11.25"]
[SourceVersion "1"]
[SourceVersionDate "2002.11.25"]
[SourceQuality "1"]

1. g3 Nf6 2. Nf3 g6 3. d3 d6 4. b3 Bg7 5. Bb2 c6 6. Nbd2 0-0 7. Bg2 Nbd7 8. 0-0 Nb6 9. c4 Qc7 10. e3 Bg4 11. d4 Nfd7 12. Qc2 e5 13. Rfe1 Bxf3 14. Nxf3 f5 15. e4 fxe4 16. Qxe4 exd4 17. Bxd4 Rae8 18. Qh4 Ne5 19. Re3 Bf6 20. Bxb6 axb6 21. Ng5 Nf3+ 22. Rxf3 Bxa1 23. Rxf8+ Kxf8 24. Nxh7+ Kg7 25. Ng5 Qe7 26. Qh7+ Kf6 27. Ne4+ Kf5 28. Nxd6+ Ke5 29. Qxg6 Rd8 30. Nf7+ Kd4 31. Nxd8 Qxd8 32. Qg7+ 1-0

[Event "GER North-ch U14"]
[Site "Langeoog"]
[Date "2001.10.02"]
[Round "5.8"]
[White "Buncke, Johanna"]
[Black "Guenther, Patrick"]
[Result "0-1"]
[WhiteElo "1078"]
[BlackElo "1212"]
[PlyCount "80"]
[EventDate "2001.10.??"]
[EventType "swiss"]
[EventRounds "5"]
[EventCountry "GER"]
[SourceTitle "EXT 2003"]
[Source "ChessBase"]
[SourceDate "2002.11.25"]
[SourceVersion "1"]
[SourceVersionDate "2002.11.25"]
[SourceQuality "1"]

1. e4 c5 2. Nf3 d6 3. d4 cxd4 4. Bc4 Nf6 5. 0-0 a6 6. Qe2 e6 7. Rd1 b5 8. Bb3 Bb7 9. Bg5 Be7 10. Bxf6 Bxf6 11. c3 dxc3 12. Nxc3 Qc7 13. Rac1 Nc6 14. h3 0-0 15. a3 Rac8 16. Qd3 Rfd8 17. Bc2 g6 18. Bb3 Ne7 19. Ne2 Qb8 20. Rxc8 Qxc8 21. Rc1 Qd7 22. Rc2 d5 23. e5 Bg7 24. Rd2 Nc6 25. Qe3 Na5 26. Bc2 Nc4 27. Qf4 Nxd2 28. Qxd2 Qc7 29. Qc3 Qxc3 30. Nxc3 d4 31. Nd1 Bxf3 32. gxf3 Bxe5 33. Be4 Kg7 34. b4 d3 35. Kf1 d2 36. Ke2 Bf4 37. Bd3 Kh6 38. Ne3 Bxe3 39. fxe3 d1Q+ 40. Kxd1 Rxd3+ 0-1

[Event "GER North-ch U14"]
[Site "Langeoog"]
[Date "2001.10.01"]
[Round "3.12"]
[White "Stasch, Oliver"]
[Black "Guenther, Patrick"]
[Result "0-1"]
[WhiteElo "1014"]
[BlackElo "1212"]
[PlyCount "54"]
[EventDate "2001.10.??"]
[EventType "swiss"]
[EventRounds "5"]
[EventCountry "GER"]
[SourceTitle "EXT 2003"]
[Source "ChessBase"]
[SourceDate "2002.11.25"]
[SourceVersion "1"]
[SourceVersionDate "2002.11.25"]
[SourceQuality "1"]

1. e4 c5 2. Nf3 d6 3. d3 g6 4. g3 Bg7 5. Bg2 Nc6 6. 0-0 Nf6 7. Be3 Nxe4 8. c3 Nf6 9. Nbd2 0-0 10. Nb3 Bd7 11. d4 cxd4 12. Nbxd4 Rc8 13. Qd2 a6 14. a3 Qc7 15. Rfe1 Rfe8 16. Rad1 Na5 17. b4 Nc4 18. Qc1 Nxe3 19. Qxe3 Qxc3 20. Qxc3 Rxc3 21. Ra1 e6 22. Rec1 Rec8 23. Rd1 d5 24. h4 Ne4 25. Ne2 Rc2 26. Nfd4 Bxd4 27. Bxe4 Rxe2 0-1

[Event "GER North-ch U14"]
[Site "Langeoog"]
[Date "2001.09.30"]
[Round "2.12"]
[White "Guenther, Patrick"]
[Black "Schroeder, Janet"]
[Result "0-1"]
[WhiteElo "1212"]
[BlackElo "1313"]
[PlyCount "84"]
[EventDate "2001.10.??"]
[EventType "swiss"]
[EventRounds "5"]
[EventCountry "GER"]
[SourceTitle "EXT 2003"]
[Source "ChessBase"]
[SourceDate "2002.11.25"]
[SourceVersion "1"]
[SourceVersionDate "2002.11.25"]
[SourceQuality "1"]

1. e4 e5 2. Nf3 Nc6 3. Bb5 Bc5 4. 0-0 Nd4 5. Nxd4 Bxd4 6. c3 Bb6 7. d4 c6 8. Bc4 exd4 9. cxd4 d5 10. exd5 cxd5 11. Re1+ Ne7 12. Bb5+ Bd7 13. Bxd7+ Qxd7 14. Bg5 f6 15. Bh4 0-0 16. Nc3 Nf5 17. Bg3 Bxd4 18. Qg4 Bxc3 19. bxc3 Rfe8 20. Rad1 Rxe1+ 21. Rxe1 Re8 22. Rxe8+ Qxe8 23. h3 g6 24. c4 Qe4 25. Qxe4 dxe4 26. Bb8 a6 27. Kf1 e3 28. g4 Nd4 29. fxe3 Nf3 30. Kf2 Nd2 31. Kg3 Nxc4 32. Kf4 Kf7 33. Ke4 Ke6 34. Kd4 Nb6 35. Bc7 Nd5 36. Bg3 b6 37. a3 g5 38. e4 Nf4 39. Bxf4 gxf4 40. h4 h6 41. h5 b5 42. Kd3 Ke5 0-1